| 000 | 01229cam a2200301 a 4500 | ||
|---|---|---|---|
| 001 | 2613 | ||
| 003 | FISKH | ||
| 005 | 20240104143132.0 | ||
| 008 | 080926s2009 nyu 000 1 eng | ||
| 010 | _a 2008042462 | ||
| 020 | _a9780670020416 | ||
| 020 | _a0670020419 | ||
| 020 | _a9780670020751 (International ed.) | ||
| 020 | _a0670020753 | ||
| 035 | _a(OCoLC)233548516 | ||
| 040 |
_aDLC _cDLC _dYDX _dBTCTA _dBAKER _dYDXCP _dUPZ _dEPL _dIHE _dABG _dVP@ _dCDX _dVAGNT _dIXA _dDLC _beng |
||
| 050 | 0 | 0 |
_aPS3552.O932 _bW66 2009 |
| 082 | 0 | 0 |
_a813/.54 _222 |
| 100 | 1 | _aBoyle, T. Coraghessan. | |
| 245 | 1 | 4 |
_aThe women : _ba novel / _cT. Coraghessan Boyle. |
| 260 |
_aNew York : _bPenguin Books, _c2009. |
||
| 300 |
_a589 pages : _c18 cm |
||
| 520 | _aRecounts the life of Frank Lloyd Wright as told through the experiences of the four women who loved him: the Montenegrin beauty Olgivanna Milanoff; the passionate Southern belle Maud Miriam Noel; the spirited Mamah Cheney, tragically killed; and his young first wife, Kitty Tobin. | ||
| 600 | 1 | 0 |
_aWright, Frank Lloyd, _d1867-1959 _xRelations with women _vFiction. |
| 655 | 7 |
_aBiographical fiction. _2gsafd |
|
| 906 |
_a7 _bcbc _corignew _d1 _eecip _f20 _gy-gencatlg |
||
| 942 |
_2ddc _cBK _n0 |
||
| 999 |
_c2613 _d2613 |
||